<?xml version="1.0" encoding="UTF-8"?>
<record
    xmlns:xsi="http://www.w3.org/2001/XMLSchema-instance"
    xsi:schemaLocation="http://www.loc.gov/MARC21/slim http://www.loc.gov/standards/marcxml/schema/MARC21slim.xsd"
    xmlns="http://www.loc.gov/MARC21/slim">

  <leader>01964nas a2200277Ia 4500</leader>
  <controlfield tag="001">R809-R8967</controlfield>
  <controlfield tag="003">IT-CnALBA</controlfield>
  <controlfield tag="008">170116c99999999xx ||||||||||||   ||und||</controlfield>
  <datafield tag="040" ind1=" " ind2=" ">
    <subfield code="a">IT-CnALBA</subfield>
    <subfield code="c">IT-CnALBA</subfield>
  </datafield>
  <datafield tag="041" ind1=" " ind2=" ">
    <subfield code="a">ITALIANO</subfield>
  </datafield>
  <datafield tag="100" ind1=" " ind2=" ">
    <subfield code="a">MERCANDANTE FRANCESCO</subfield>
  </datafield>
  <datafield tag="210" ind1=" " ind2=" ">
    <subfield code="a">PROSPETTIVE LIBRI</subfield>
  </datafield>
  <datafield tag="222" ind1=" " ind2=" ">
    <subfield code="a">PROSPETTIVE LIBRI</subfield>
  </datafield>
  <datafield tag="245" ind1=" " ind2="0">
    <subfield code="a">PROSPETTIVE LIBRI. GIUGNO LUGLIO 1981. </subfield>
  </datafield>
  <datafield tag="250" ind1=" " ind2=" ">
    <subfield code="a">1a ed.</subfield>
  </datafield>
  <datafield tag="260" ind1=" " ind2=" ">
    <subfield code="a"> ROMA</subfield>
    <subfield code="b">PROSPETTIVE NEL MONDO ED. </subfield>
    <subfield code="c">1981 [1&#xB0; Ed.:1981 - Ed.Ling.Originale: 1981]</subfield>
  </datafield>
  <datafield tag="300" ind1=" " ind2=" ">
    <subfield code="a">96 p. </subfield>
  </datafield>
  <datafield tag="310" ind1=" " ind2=" ">
    <subfield code="a">MENSILE</subfield>
  </datafield>
  <datafield tag="362" ind1=" " ind2=" ">
    <subfield code="a">Fascicolo: 6-7 / Anno: 1 (1981)</subfield>
  </datafield>
  <datafield tag="500" ind1=" " ind2=" ">
    <subfield code="a">TRE LIBRI, UN SOLO SATTA IN BILICO TRA DIRITTO E UMANITA! UN GRANDE NARRATORE CHE TACQUE PER XL ANNI. CIMATTI P. PICCOLO CAPOLAVORO DI UN SOLITARIO STRANIERO. MORTE DI LIBERO DE LIBERO. IL DESTINO GLI DONO'' UN NOBILE CATALOGO DI SCONFITTE. SINISGALLI L. DE LIBERIANO. CARTINI F. LA STORIA NON &#xC8; SOLO QUELLA DEI VERTICI E DEI GOVERNANTI. POLITICA. FRANCHINI R. UN SAGGIO DI FISICHELLA. L'ITALIA PROSTRATA. COME GUARIRLA. NARRATIVA. LAUREATI ED ESCLUSI DAI GRANDI PREMI STAGIONALI. ORIENTE. BUSSAGLI M. E GIORDA L. G. LIBRO DI VALORE CONFUSO CON TESTI VOLGARI. </subfield>
  </datafield>
  <datafield tag="501" ind1=" " ind2=" ">
    <subfield code="a">Societ&#xE0; San Paolo EM - Piazza San Paolo, 14 - 12051 ALBA (CN)  (non commercial uses only) &#xAE; Copyright 2017</subfield>
  </datafield>
  <datafield tag="520" ind1=" " ind2=" ">
    <subfield code="a">TRE LIBRI, UN SOLO SATTA IN BILICO TRA DIRITTO E UMANITA! UN GRANDE NARRATORE CHE TACQUE PER XL ANNI. CIMATTI P. PICCOLO CAPOLAVORO DI UN SOLITARIO STRANIERO. MORTE DI LIBERO DE LIBERO. IL DESTINO GLI DONO'' UN NOBILE CATALOGO DI SCONFITTE. SINISGALLI L. DE LIBERIANO. CARTINI F. LA STORIA NON &#xC8; SOLO QUELLA DEI VERTICI E DEI GOVERNANTI. POLITICA. FRANCHINI R. UN SAGGIO DI FISICHELLA. L'ITALIA PROSTRATA. COME GUARIRLA. NARRATIVA. LAUREATI ED ESCLUSI DAI GRANDI PREMI STAGIONALI. ORIENTE. BUSSAGLI M. E GIORDA L. G. LIBRO DI VALORE CONFUSO CON TESTI VOLGARI. </subfield>
  </datafield>
  <datafield tag="650" ind1=" " ind2=" ">
    <subfield code="a">STORIA DESCRIZIONE CRITICA LETTERARIA</subfield>
  </datafield>
  <datafield tag="942" ind1=" " ind2=" ">
    <subfield code="c">CR</subfield>
  </datafield>
  <datafield tag="957" ind1=" " ind2=" ">
    <subfield code="7">1</subfield>
  </datafield>
  <datafield tag="999" ind1=" " ind2=" ">
    <subfield code="a">60534</subfield>
    <subfield code="b">NO</subfield>
    <subfield code="g">1</subfield>
    <subfield code="c">327560</subfield>
    <subfield code="d">327560</subfield>
  </datafield>
  <datafield tag="952" ind1=" " ind2=" ">
    <subfield code="0">0</subfield>
    <subfield code="1">0</subfield>
    <subfield code="4">0</subfield>
    <subfield code="6">R_809R8967</subfield>
    <subfield code="7">1</subfield>
    <subfield code="a">ALBA</subfield>
    <subfield code="b">ALBA</subfield>
    <subfield code="d">2017-01-16</subfield>
    <subfield code="l">0</subfield>
    <subfield code="o">R809-R8967</subfield>
    <subfield code="r">2017-01-16 00:00:00</subfield>
    <subfield code="w">2017-01-16</subfield>
    <subfield code="y">CR</subfield>
    <subfield code="z">(data import: 16 gennaio 2017) - By Epidotti, Vaglietti. </subfield>
  </datafield>
</record>
